| 000 | 00868cab a2200265 4500 | ||
|---|---|---|---|
| 001 | ABS56799 | ||
| 008 | 090401t1997 xxu||||| |||| 00| 0 eng d | ||
| 035 | _a(Sirsi) u78124 | ||
| 041 | _aeng | ||
| 100 | _aBrewer, G. | ||
| 245 | _aFirst snap of the TUPE trap | ||
| 260 | _c1997 | ||
| 350 | _a0 | ||
| 490 |
_aContract Journal _v23 April 1997, 16(1) |
||
| 520 | _aDiscusses "Betts and Others v Brintell and KLM" which applied the Ayse Suzen principles and is now the leading UK authority on the application of TUPE when a contract is retendered. | ||
| 650 | _aAYSE SUZEN V ZEHNACKER GEBUDEREINIGUNG | ||
| 650 | _aBETTS AND OTHERS V BRINTELL AND KLM | ||
| 650 | _aCONSTRUCTION WORKERS | ||
| 650 | _aEMPLOYEES RIGHTS | ||
| 650 | _aTENDERS | ||
| 650 | _aTUPE | ||
| 690 | _aBUILT ENVIRONMENT-BUILDING CONTRACT FORMS | ||
| 942 | _n0 | ||
| 948 | _c01/05/1997 | ||
| 999 |
_c49158 _d49158 |
||